El Estado y la sociedad en Centroamérica /

Uloženo v:
Podrobná bibliografie
Hlavní autor: Barrantes Zamora, Emmanuel A.
Korporativní autor: Programa académico de la secretaria General
Další autoři: Poitevin, Rene
Médium: Text
Vydáno: San José: FLACSO
Tagy: Přidat tag
Žádné tagy, Buďte první, kdo vytvoří štítek k tomuto záznamu!

MARC

LEADER 00000 a a2200000 04500
001 24566
003
040
090 |a 177500  
100 |a Barrantes Zamora, Emmanuel A.  
110 |a Programa académico de la secretaria General  
245 |a El Estado y la sociedad en Centroamérica /  |c Emmanuel A. Barrantes Zamora 
260 |a San José:   |b FLACSO  
300 |a 44 p.  
700 |a Poitevin, Rene  
999 |c 3134  |d 3134